000 00587nam a2200193Ia 4500
005 20250326141653.0
008 250326s9999 xx 000 0 und d
020 _a0-07-099302-5
037 _aTextbook
040 _aFMSL
_beng
_cFMSL
041 _aeng
_2eng
084 _aX:89Uy7 M5;1
_qFMSL
100 _aDobler D W & Others
_9744871
245 0 _aPurchasing and materials management text and cases
_cDobler D W & Others
260 _aNew Delhi
_bNew Delhi, Tata Mc Graw-Hill
_c1984
300 _axiv,796
942 _cTB
_hX:89Uy7 M5;1
999 _c1291416
_d1291416